书目信息 |
| 题名: |
光电子技术专业英语
|
|
| 作者: | 徐朝鹏 , 王朝晖 , 焦斌亮 主编 | |
| 分册: | ||
| 出版信息: | 北京 北京邮电大学出版社 2010.09 |
|
| 页数: | 298页 | |
| 开本: | 26cm | |
| 丛书名: | ||
| 单 册: | ||
| 中图分类: | H31-43 | |
| 科图分类: | ||
| 主题词: | 光电子技术--guang dian zi ji shu--英语--高等学校--教材 | |
| 电子资源: | ||
| ISBN: | 978-7-5635-2242-2 | |
| 000 | 01002nam0 2200265 450 | |
| 001 | 012011222276 | |
| 005 | 20110426102430.10 | |
| 010 | @a978-7-5635-2242-2@dCNY35.00 | |
| 100 | @a20110426d2010 em y0chiy0120 ea | |
| 101 | 0 | @achi@aeng |
| 102 | @aCN@b110000 | |
| 105 | @aak z 000yy | |
| 106 | @ar | |
| 200 | 1 | @a光电子技术专业英语@Aguang dian zi ji shu zhuan ye ying yu@f徐朝鹏, 王朝晖, 焦斌亮主编@Fxu chao peng,wang zhao hui,jiao bin liang zhu bian |
| 210 | @a北京@c北京邮电大学出版社@d2010.09 | |
| 215 | @a298页@c图@d26cm | |
| 300 | @a高等院校电子信息科学与工程类 专业基础课教材 | |
| 330 | @a本书主要包括:科技英语翻译技巧;Semiconductor physics and device;integrated circuit fabrication等内容。 | |
| 606 | 0 | @a光电子技术@Aguang dian zi ji shu@x英语@x高等学校@j教材 |
| 690 | @aH31-43@v4 | |
| 701 | 0 | @a徐朝鹏@Axu chao peng@4主编 |
| 701 | 0 | @a王朝晖@Awang zhao hui@4主编 |
| 701 | 0 | @a焦斌亮@Ajiao bin liang@4主编 |
| 801 | 0 | @aCN@bQSSK@c20110426 |
| 905 | @b792142-44@dH31-43@eX684@f3 | |
| 光电子技术专业英语/徐朝鹏, 王朝晖, 焦斌亮主编.-北京:北京邮电大学出版社,2010.09 |
| 298页:图;26cm |
| 高等院校电子信息科学与工程类 专业基础课教材 |
| ISBN 978-7-5635-2242-2:CNY35.00 |
| 本书主要包括:科技英语翻译技巧;Semiconductor physics and device;integrated circuit fabrication等内容。 |
| ● |
| 相关链接 |
|
|
|
正题名:光电子技术专业英语
索取号:H31-43/X684
 
预约/预借
| 序号 | 登录号 | 条形码 | 馆藏地/架位号 | 状态 | 备注 |
| 1 | 792142 | 207921427 | 语言库209/209语言库 93排4列1层/ [索取号:H31-43/X684] | 在馆 | |
| 2 | 792143 | 207921436 | 语言库209/209语言库 93排4列1层/ [索取号:H31-43/X684] | 在馆 | |
| 3 | 792144 | 207921445 | 语言库209/209语言库 93排4列1层/ [索取号:H31-43/X684] | 在馆 |